| 000 | 01654nam2a22002291 4500 | ||
|---|---|---|---|
| 001 | rc\4281836 | ||
| 005 | 20250612035758.0 | ||
| 035 | _a(NLR Aleph) 008493279 | ||
| 090 |
_a8062977 _c8062977 |
||
| 100 | _a20130416d1958 |||y0rusy50 ca | ||
| 101 | 0 | _arus | |
| 102 | _aRU | ||
| 105 | _ay z ||||| | ||
| 200 | 1 | _aАрхитектурно-строительная часть | |
| 210 |
_aМосква _cБ. и. _d1958 |
||
| 215 | _a[1], 2, 56 л. | ||
| 461 | 0 |
_1001rc\4281835 _12001#$aБлоки многоэтажных производственных зданий химической промышленности$eЗдание тип 15$eСерия 1-82-Р/15$eПример решения$eРабочие чертежи$eТ. 1-$fГос. ком. Совета Министров СССР по делам строительства Главстройпроект. Гос. ин-т типового проектирования и техн. исследований "Гипротис"$vТ. 1 _98062973 _cМосква _d1958 _fГос. ком. Совета Министров СССР по делам строительства Главстройпроект. Гос. ин-т типового проектирования и техн. исследований "Гипротис" _nБ. и. _oЗдание тип 15 : Серия 1-82-Р/15 : Пример решения : Рабочие чертежи : Т. 1- _tБлоки многоэтажных производственных зданий химической промышленности _vТ. 1 |
|
| 801 | 0 |
_aRU _bNLR _gpsbo |
|
| 801 | 1 |
_aRU _bELAR _2rusmarc |
|
| 852 |
_aNLR _j58-10/181 |
||
| 942 | _cBOOK | ||
| 980 | _aNB | ||